LEADER 00995cam0-2200325---450- 001 990005826390403321 005 20121030103208.0 010 $a88-555-2310-4 035 $a000582639 035 $aFED01000582639 035 $a(Aleph)000582639FED01 035 $a000582639 100 $a19990604d1995----km-y0itay50------ba 101 0 $aita 102 $aIT 105 $a--------001yy 200 1 $a<>traccia d'oro verso le madri$eNovalis$edalla storia al mito$fMargherita Versari 210 $aBologna$cPatron$d1995 215 $a154 p.$d24 cm 225 1 $aBiblioteca del Dipartimento di lingue e letterature straniere moderne dell'Università degli studi di Bologna$v12 610 0 $aNovalis 676 $a831.6 700 1$aVersari,$bMargherita$0176130 801 0$aIT$bUNINA$gRICA$2UNIMARC 901 $aBK 912 $a990005826390403321 952 $a831.6 NOVA/S 2$bDip.f.m.9369$fFLFBC 959 $aFLFBC 996 $aTraccia d'oro verso le madri$9567276 997 $aUNINA LEADER 00904nam0-22003011i-450- 001 990003199360403321 035 $a000319936 035 $aFED01000319936 035 $a(Aleph)000319936FED01 035 $a000319936 100 $a20000920d1969----km-y0itay50------ba 101 0 $aita 102 $aIT 200 1 $a<>sociologie des maladies mentales$eTendances actuelles de la recherche et Bibliographie 1950-1967$fChristiane Dufrancatel. 210 $aLa Haye$cMouton$d1969. 215 $a207 p.$d23 cm 225 1 $aCurrent Sociology. La sociologie contemporaine, v. XVI, 1968$v2 676 $a10520 676 $a20120 702 1$aDufrancatel,$bChristiane 801 0$aIT$bUNINA$gRICA$2UNIMARC 901 $aBK 912 $a990003199360403321 952 $a20120 DUF$bs.n.68$fSES 959 $aSES 996 $aSociologie des maladies mentales$9453115 997 $aUNINA DB $aING01 LEADER 02398nam0 2200529 i 450 001 CFI0066210 005 20251003044117.0 020 $aIT$b88-8231 100 $a19880622d1986 ||||0itac50 ba 101 | $aita 102 $ait 181 1$6z01$ai $bxxxe 182 1$6z01$an 183 1$6z01$anc$2RDAcarrier 200 1 $aˆIl ‰governo dell'economia$erapporto 1986$eprogetto CER-Censis 210 $aMilano$cEdizioni del Sole-24 ore$d1986 215 $a515 p.$d24 cm. 225 | $aStudi e convegni 410 0$1001UMC0977035$12001 $aStudi e convegni 606 $aItalia$xEconomia$2FIR$3SBLC128980$9E 676 $a330.945$9SITUAZIONI E CONDIZIONI ECONOMICHE. ITALIA$v21 676 $a330.945$9SITUAZIONI E CONDIZIONI ECONOMICHE. ITALIA$v23 676 $a338.945$9SVILUPPO ECONOMICO. Italia$v21 676 $a338.945$9Sviluppo e crescita economica. Italia$v22 686 $aHC 305$c$2C 686 $aIT/4422.6$cPOLITICA ECONOMICA ITALIA 1968-1989$2R 696 $aEconomia reale$aAttività economiche$aAspetti economici 699 $aEconomia$yEconomia reale 699 $aEconomia$zAttività economiche 699 $aEconomia$zAspetti economici 710 02$aCER$c $3CFIV008552$4070$0118307 711 02$aCensis$3CFIV001456$4070$09271 791 02$aCentro studi investimenti sociali$3CFIV001458$zCensis 791 02$aFondazione Censis$3CFIV138870$zCensis 791 02$aCentro studi investimenti sociali$3CFIV001458$zCensis 791 02$aFondazione Censis$3CFIV138870$zCensis 791 02$aCentro Europa ricerche$3CFIV172007$zCER 791 02$aCentro Europa ricerche$3CFIV172007$zCER 801 3$aIT$bIT-000000$c19880622 850 $aIT-BN0095 $aIT-AV0007 901 $bNAP AV$cSEZ. M $nSezione Moderna 901 $bNAP 01$cPOZZO LIB.$nVi sono collocati fondi di economia, periodici di ingegneria e scienze, periodici di economia e statistica e altri fondi comprendenti documenti di economia pervenuti in dono. 912 $aCFI0066210 950 0$aBiblioteca Centralizzata di Ateneo$c1 v.$d 01POZZO LIB.F. SANTI 107$e 0101 0060028785E VMA 1 v. (Precedente collocazione S 70)$fB $h20221104$i20221104 977 $a 01$a AV 996 $aGoverno dell'economia$9577500 997 $aUNISANNIO